01110nam a22002537a 450000500170000000800410001702000150005804000070007304100080008008200200008810000180010824500970012626000260022330000300024936500240027952003520030365000130065565000630066865000280073165000340075965000190079365000240081270000200083620250630124240.0220120b ||||| |||| 00| 0 eng d a8185604185 cAL aeng 223a294.3bILAW aKancha Ilaiah aWhy I am Not a Hindu: A Sudra Critique of Hindutva Philosophy, Culture and Political Economy aCalcuttabSamyac1996 axii,132 p.bPBc21x14 cm. b120.00c₹d120.00 aIn this manifesto for the downtrodden, the author examines the socio-economic and cultural differences between the Dalitbahujans (the majority, the so-called low castes) and other Hindus in the contexts of childhood, family life, market relations, power relations, Gods and Goddesses, death and, not least, Hindutva (ideology of the Hindu Right).  aHinduism a Controversial literature, Religion and politics ofIndia,  aSocial life and customs aDalitization not Hinduization aNeo-Kshatriyas aChildhood Formation aILAIAH (Kancha)